Dr Christian's guide to you / (Record no. 6177)
[ view plain ]
| 000 -LEADER | |
|---|---|
| fixed length control field | 01261nam a22002417a 4500 |
| 001 - CONTROL NUMBER | |
| control field | 6177 |
| 003 - CONTROL NUMBER IDENTIFIER | |
| control field | FISKH |
| 005 - DATE AND TIME OF LATEST TRANSACTION | |
| control field | 20250324142248.0 |
| 008 - FIXED-LENGTH DATA ELEMENTS--GENERAL INFORMATION | |
| fixed length control field | 250324b cb ||||| |||| 00| 0 eng d |
| 020 ## - INTERNATIONAL STANDARD BOOK NUMBER | |
| International Standard Book Number | 9781407165448 |
| 040 ## - CATALOGING SOURCE | |
| Original cataloging agency | FISKH |
| Language of cataloging | eng |
| Transcribing agency | FISKH |
| Modifying agency | FISKH |
| 050 ## - LIBRARY OF CONGRESS CALL NUMBER | |
| Classification number | PZ7 |
| 082 ## - DEWEY DECIMAL CLASSIFICATION NUMBER | |
| Classification number | 613.0433 |
| 100 ## - MAIN ENTRY--PERSONAL NAME | |
| Personal name | Jessen, Christian |
| 245 ## - TITLE STATEMENT | |
| Title | Dr Christian's guide to you / |
| Statement of responsibility, etc. | By Dr Christian Jessen |
| 250 ## - EDITION STATEMENT | |
| Edition statement | First published in 2016 |
| 260 ## - PUBLICATION, DISTRIBUTION, ETC. | |
| Place of publication, distribution, etc. | New York : |
| Name of publisher, distributor, etc. | Scholastic ; |
| Date of publication, distribution, etc. | 2016. |
| 300 ## - PHYSICAL DESCRIPTION | |
| Extent | 95 pages : |
| Other physical details | color illustrations ; |
| Dimensions | 23 cm . |
| 520 ## - SUMMARY, ETC. | |
| Summary, etc. | Dr Christian, TV's favourite doctor, tackles all the awkward questions head-on, helping young people grow up to be healthy in mind and body. Coping with stress Being healthy and happy Your changing body Getting active Looking after yourself Eating well Dealing with anxiety Teenage years see many changes to young people's bodies and lifestyle. In his usual frank and straightforward fashion, Dr Christian tackles all your worries about growing up stress-free and healthy. Not just facts - Dr Christian also answers real questions he's been asked in real life. Perfect for parents and their children alike! |
| 700 ## - ADDED ENTRY--PERSONAL NAME | |
| Personal name | Semple, David |
| Relator term | illustrator |
| 942 ## - ADDED ENTRY ELEMENTS (KOHA) | |
| Source of classification or shelving scheme | Dewey Decimal Classification |
| Koha item type | Books |
| Suppress in OPAC | No |
| Withdrawn status | Lost status | Source of classification or shelving scheme | Damaged status | Not for loan | Collection | Home library | Current library | Shelving location | Date acquired | Total Checkouts | Full call number | Barcode | Date last seen | Price effective from | Koha item type |
|---|---|---|---|---|---|---|---|---|---|---|---|---|---|---|---|
| Dewey Decimal Classification | Non-Fiction | Footprints International School Library Network Toul Tom Poung Campus | Footprints International School Library Network Toul Tom Poung Campus | TTP Secondary Non-Fiction Bookshelves | 03/24/2025 | JES 613.0433 | FISSE03017 | 03/24/2025 | 03/24/2025 | Books |
